000 01221nam a22002777a 4500
001 BD-DhSAU 9278
003 BD-DhSAU
005 20260513120951.0
008 260513b2018 bg a|||| m||| 00| 0 eng d
040 _aBD-DhSAU
082 _222
_a636.085
_bM397
100 _aNUPUR, MASUMA JANNAT
_eRegistration # 18-08879
245 _aComparative study on growth performance, carcass characteristics and economic feasibility of using black soldier fly larvae meal as an alternative to soybean meal in broiler diets /
_bMS thesis
260 _aSher-e-Bangla Agricultural University;
_bDepartment of Animal nutrition, genetics and breeding ;
_c2024.
300 _aviii, 75p. :
_bill. ;
_c30 cm.
500 _aMS thesis of Department of Animal nutrition, genetics and breeding ;, ;, Faculty of ASVM. Sher-e-Balgla Agricultural University Dhaka-1207
504 _aIncludes bibliographical reference.
590 _aNazmul
650 _aeconomic feasibility
650 _ablack soldier fly larvae meal
651 _asoybean meal in broiler diets
700 _aProf. Dr. Md. Mufazzal Hossain
_eSuperviser
710 _eCo-Superviser
_aProf. Dr. Lam Yea Asad
942 _2ddc
_cTHESIS
999 _c18405
_d18404